Anatomy for students of dentistry / (Record no. 1521)

MARC details
000 -LEADER
fixed length control field 01384cam a2200409 a 4500
001 - CONTROL NUMBER
control field data
005 - DATE AND TIME OF LATEST TRANSACTION
control field 20260322212104.0
008 - FIXED-LENGTH DATA ELEMENTS--GENERAL INFORMATION
fixed length control field data
035 ## - SYSTEM CONTROL NUMBER
System control number 2385899
010 ## - LIBRARY OF CONGRESS CONTROL NUMBER
LC control number 85005951
020 ## - INTERNATIONAL STANDARD BOOK NUMBER
International Standard Book Number 0443031061 (pbk.) :
Terms of availability £22.50
020 ## - INTERNATIONAL STANDARD BOOK NUMBER
International Standard Book Number 9780443031069
035 ## - SYSTEM CONTROL NUMBER
-- (DLC) 85005951
040 ## - CATALOGING SOURCE
Original cataloging agency DNLM/DLC
Transcribing agency DLC
Modifying agency DLC
050 00 - LIBRARY OF CONGRESS CALL NUMBER
Classification number QM23.2
Item number .D59 1986
060 ## - NATIONAL LIBRARY OF MEDICINE CALL NUMBER
Classification number QS 4 D621a
082 00 - DEWEY DECIMAL CLASSIFICATION NUMBER
Classification number 611/.91
Edition information 19
100 1# - MAIN ENTRY--PERSONAL NAME
Personal name Dixon, Andrew Derart.
245 10 - TITLE STATEMENT
Title Anatomy for students of dentistry /
Statement of responsibility, etc. Andrew Derart Dixon.
250 ## - EDITION STATEMENT
Edition statement 5th ed.
260 ## - PUBLICATION, DISTRIBUTION, ETC.
Place of publication, distribution, etc. New York :
-- New York :
Name of publisher, distributor, etc. Churchill Livingstone,
Date of publication, distribution, etc. 1986.
300 ## - PHYSICAL DESCRIPTION
Extent ix, 405 p. :
Other physical details ill. ;
Dimensions 25 cm.
336 ## - CONTENT TYPE
Content type term text
Content type code txt
Source rdacontent
337 ## - MEDIA TYPE
Media type term unmediated
Media type code n
Source rdamedia
338 ## - CARRIER TYPE
Carrier type term volume
Carrier type code nc
Source rdacarrier
440 #0 - SERIES STATEMENT/ADDED ENTRY--TITLE
Title Churchill Livingstone dental series
500 ## - GENERAL NOTE
General note Rev. ed. of: Anatomy for students of dentistry / James Henderson Scott, Andrew Derart Dixon. 4th ed. 1978.
500 ## - GENERAL NOTE
General note Includes index.
504 ## - BIBLIOGRAPHY, ETC. NOTE
Bibliography, etc. note Bibliography: p. 374-381.
650 #0 - SUBJECT ADDED ENTRY--TOPICAL TERM
Topical term or geographic name entry element Human anatomy.
650 #0 - SUBJECT ADDED ENTRY--TOPICAL TERM
Topical term or geographic name entry element Head
General subdivision Anatomy.
650 #2 - SUBJECT ADDED ENTRY--TOPICAL TERM
Topical term or geographic name entry element Anatomy.
700 1# - ADDED ENTRY--PERSONAL NAME
Personal name Scott, James Henderson.
Title of a work Anatomy for students of dentistry.
906 ## - LOCAL DATA ELEMENT F, LDF (RLIN)
a 7
b cbc
c orignew
d 1
e ocip
f 19
g y-gencatlg
991 ## -
-- c-GenColl
-- QM23.2
-- .D59 1986
-- 00011135663
-- Copy 1
-- BOOKS
Holdings
Withdrawn status Lost status Damaged status Not for loan Home library Current library Shelving location Date acquired Total checkouts Full call number Barcode Date last seen Price effective from Koha item type
        Riverside Riverside General stacks 22/03/2026   611/.91 LOC-RPL-00068 22/03/2026 22/03/2026 Books